| 000 | 01049ngm a22003730a 4500 | ||
|---|---|---|---|
| 001 | PT13924 | ||
| 003 | AR-LpoUNG | ||
| 005 | 20210202000418.0 | ||
| 007 | vd cvaizq | ||
| 008 | 191001s1983||||ag |||||||||||||||||spa d | ||
| 040 |
_aAR-LpoUNG _bspa _cAR-LpoUNG _eaacr |
||
| 041 | _aspa | ||
| 044 | _aag | ||
| 082 | 0 | _a982.064 434v1 | |
| 100 | 1 |
_aPérez, Miguel _edir. |
|
| 245 | 1 | 3 | _aLa república perdida |
| 260 |
_aBuenos Aires : _bNorán, _c[1983]. |
||
| 300 | _aVHS (146 min.) : son., col. | ||
| 505 | 0 | _aGuión: Luis Gregorich ; locución: Juan Carlos Beltrán. | |
| 520 | _aLa república perdida es la primera película documental que examina el reciente pasado argentino. | ||
| 650 | 4 | _aARGENTINA | |
| 650 | 4 | _aASPECTOS POLITICOS | |
| 650 | 4 | _aCOMPORTAMIENTO POLITICO | |
| 650 | 4 | _aCONFLICTOS | |
| 650 | 4 | _aDEMOCRACIA | |
| 650 | 4 | _aFUERZAS ARMADAS | |
| 650 | 4 | _aIDEOLOGIAS | |
| 650 | 4 | _aPROBLEMAS SOCIALES | |
| 650 | 4 | _aVIOLENCIA | |
| 653 | _aDOCUMENTALES | ||
| 653 | _aVIDEOS | ||
| 905 | _a13924 | ||
| 942 | _cVIDEO | ||
| 999 |
_c54810 _d54810 |
||